00238 a2200109 4500001000700000020000600007040001100013100002000024240004000044245003500084362000900119176439 a  cMagnum aPiffer, Osvaldo10aEstudando as paisagens/8 serielpor10aEstudando as paisagens/8 serie0 a1899